000
00314nam a2200133Ia 4500
005
20260326235459.0
008
260326s9999||||xx |||||||||||||| ||und||
100
_a
Winter, John
245
0
_a
Modern Buildings /
_c
John Winter
260
_b
Hamlyn
300
_a
189 p.
650
_a
ARQUITECTURA MODERNA
942
_c
BK
999
_c
8012
_d
8012